000 00908nam a22002537a 4500
005 20250521153807.0
008 250509b |||||||| |||| 00| 0 eng d
020 _a978-1-009-42495-0 (hbk)
037 _cTB
040 _aAL
_cAL
041 _2eng
_aeng
084 _aQ4:(W6).2'N R4
_qAL
100 _aSurendran, Gitanjali
_9783956
245 _aDemocracy's dhamma:
_bBuddhism in the making of modern India, c. 1890-1956
260 _aCambridge, USA:
_bCambridge University Press,
_c2024.
300 _axviii, 348p.
365 _b1295.00
_cINR
490 _aSouth Asian intellectual history, (Edtor) Asad Q. Ahmed
650 _aBuddhism
_9783957
650 _aDemocracy
_9783958
650 _aPolitical Science
_9783959
942 _2CC
_cTB
_hQ4:(W6).2'N R4
_n0
999 _c1400695
_d1400695